El príncipe constante

Kaydedildi:
Detaylı Bibliyografya
Yazar: Calderón de la Barca, Pedro (Yazar)
Materyal Türü: Kitap
Dil:İspanyolca
Baskı/Yayın Bilgisi: Zaragoza Ebro 1971
Edisyon:4a. ed
Seri Bilgileri:Biblioteca Clásica Ebro. Clásicos Españoles, 78
Konular:
Etiketler: Etiketle
Etiket eklenmemiş, İlk siz ekleyin!

MARC

LEADER 00000nam a2200000 a 4500
001 UCQ6173
003 CL-VaPUC
008 981009e19710000SP |||||||||||||||||spa|d
082 0 4 |a 862  |b CAL  |2 21 
100 0 |a Calderón de la Barca, Pedro  |e author  |9 316207 
245 1 3 |a El príncipe constante 
250 |a 4a. ed 
300 |a 126 p 
942 |c BK 
945 |d 19981009 00:00:00  |a crobeson 
260 |a Zaragoza  |b Ebro  |c 1971 
650 0 |a Dramas españoles  |9 267081 
650 0 |a Literatura española  |9 306261 
583 |a last modification  |c 19981009 00:00:00  |k Rodrigo Vera 
490 0 |a Biblioteca Clásica Ebro. Clásicos Españoles, 78 
999 |c 276175  |d 276173 
952 |0 0  |1 0  |4 0  |6 862_000000000000000_CAL_1971  |7 0  |8 A  |9 313312  |a BIBEDU  |b BIBEDU  |d 2019-11-20  |i 1476580  |o 862 CAL 1971  |p 1476580  |r 2019-11-20  |w 2019-11-20  |y BK  |k LIT